The bazaar : markets and merchants of the Islamic world /

محفوظ في:

المؤلف الرئيسي: Weiss, Walter M., 1961-

مؤلفون آخرون: Westermann, Kurt-Michael, 1951-

التنسيق: كتاب

اللغة: English

منشور في: New York : Thames and Hudson, 1998.

الموضوعات:

الوسوم: إضافة وسم

لا توجد وسوم, كن أول من يضع وسما على هذه التسجيلة!

رقم الطلب: ( F )HF5475 .I74 W44713 1998

LEADER 01081nam a2200265Ia 4500
003 OSt
005 20240917075652.0
008 230909s1998 nyuab b 001 0 eng d
952 |0 0  |1 0  |2 lcc  |4 0  |7 1  |9 49876  |a ARCE  |b ARCE  |d 2023-09-09  |l 0  |o ( F )HF5475 .I74 W44713 1998  |p 1033468  |r 2023-09-09 00:00:00  |w 2023-09-09  |y BK 
999 |c 54499  |d 54499 
020 |a 0500018391 
040 |c ARCE Library 
050 4 |a ( F )HF5475 .I74 W44713 1998 
100 1 |a Weiss, Walter M.,   |d 1961- 
240 1 0 |a [Basar. English] 
245 1 4 |a The bazaar :   |b markets and merchants of the Islamic world /   |c Walter M. Weiss ; photographs by Kurt-Michael Westermann, plans by E.T. Balic. 
264 1 |a New York :   |b Thames and Hudson,   |c 1998. 
300 |a 255 p. :   |b col. ill., map ;   |c 33 cm. 
504 |a Includes bibliographical references (p. 253) and index. 
650 0 |a Bazaars (Markets) -- Islamic countries. 
650 0 |a Cities and towns -- Islamic countries. 
650 0 |a Islamic countries -- Social life and customs. 
700 1 |a Westermann, Kurt-Michael,   |d 1951- 
901 |a reviewed 
942 |2 lcc  |c BK